La nutrición en la salud y en la enfermedad (Record no. 10793)

MARC details
000 -LEADER
campo de control de longitud fija 00837nam a2200265 i 4500
001 - NÚMERO DE CONTROL
campo de control 10793
003 - IDENTIFICADOR DE NÚMERO DE CONTROL
campo de control ES-MaACL
005 - FECHA Y HORA DE LA ÚLTIMA TRANSACCIÓN
campo de control 20230906145947.0
007 - CAMPO FIJO DE DESCRIPCIÓN FÍSICA--INFORMACIÓN GENERAL
campo de control de longitud fija t|
008 - DATOS DE LONGITUD FIJA--INFORMACIÓN GENERAL
campo de control de longitud fija 000000s19870000sp d ||||0| spa d
016 7# - NÚMERO DE CONTROL DE UNA AGENCIA BIBLIOGRÁFICA NACIONAL
Número de control cancelado/no válido IBH8705213338
020 ## - NÚMERO INTERNACIONAL ESTÁNDAR DEL LIBRO
Número Internacional Estándar del Libro 84-345-1567-9
080 ## - NÚMERO DE LA CLASIFICACIÓN DECIMAL UNIVERSAL
Número de la Clasificación Decimal Universal 612.39(075.8)
080 ## - NÚMERO DE LA CLASIFICACIÓN DECIMAL UNIVERSAL
Número de la Clasificación Decimal Universal 616-083.2(075.8)
245 03 - MENCIÓN DEL TÍTULO
Título La nutrición en la salud y en la enfermedad
Resto del título : conocimientos actuales /
Mención de responsabilidad, etc. [editado por] Robert S. Goodhart, Maurice E. Shils.
260 ## - PUBLICACIÓN, DISTRIBUCIÓN, ETC.
Lugar de publicación, distribución, etc. Barcelona [etc.] :
Nombre del editor, distribuidor, etc. Salvat,
Fecha de publicación, distribución, etc. 1987.
300 ## - DESCRIPCIÓN FÍSICA
Extensión XV, 1258 p :
Otras características físicas gráf ;
Dimensiones 27 cm.
504 ## - NOTA DE BIBLIOGRAFÍA, ETC.
Nota de bibliografía, etc. Bibliografía. - Indice.
650 #4 - PUNTO DE ACCESO ADICIONAL DE MATERIA--TÉRMINO DE MATERIA
Término de materia o nombre geográfico como elemento de entrada Dietas para enfermos.
9 (RLIN) 11883
650 04 - PUNTO DE ACCESO ADICIONAL DE MATERIA--TÉRMINO DE MATERIA
Término de materia o nombre geográfico como elemento de entrada Nutrición.
9 (RLIN) 15650
700 1# - ENTRADA AGREGADA--NOMBRE PERSONAL
Nombre de persona Shils, Maurice E.
9 (RLIN) 106125
700 1# - ENTRADA AGREGADA--NOMBRE PERSONAL
Nombre de persona Goodhart, Robert S.
9 (RLIN) 162063
852 ## - LOCALIZACIÓN
Ubicación ES-MaACL
Número de control de estantería L-18065
Sublocalización o colección R.124413
Holdings
Estatus retirado Estado de pérdida Estado de daño No para préstamo Biblioteca de origen Biblioteca actual Ubicación en estantería Fecha de adquisición Fuente de adquisición Total de préstamos Signatura topográfica completa Código de barras Visto por última vez Precio de reemplazo Tipo de ítem Koha
        Biblioteca del Ateneo de Madrid Biblioteca del Ateneo de Madrid Depósito 2 17/01/2008     L-18065 1011011 23/02/2023 23/02/2023 Libro impreso